Facts on Czechoslovak Foreign Trade

Guardado en:
Detalles Bibliográficos
Formato: Libro
Lenguaje:inglés
Publicado: Praha Czechoslovak Chamber of Commerce and Industry 1988
Edición:1. ed.
Etiquetas: Agregar Etiqueta
Sin Etiquetas, Sea el primero en etiquetar este registro!

MARC

LEADER 00000nam a2200000 4500
001 c028262
005 20221206134218.1
041 0 |a eng 
044 |a CZ 
245 1 0 |a Facts on Czechoslovak Foreign Trade 
250 |a 1. ed. 
264 1 |a Praha  |b Czechoslovak Chamber of Commerce and Industry  |c 1988 
300 |a 224 s.